000 00606nam a2200181Ia 4500
003 GCL
008 140319s9999 xx 000 0 ara d
040 _aGCL /
_cGCL
082 0 4 _a347.09
_bا ا
100 1 _aاحمد ابوالوفا
245 1 0 _aاجراءات التنفبذ فى المواد المدنية والتجارية /
_cاحمد ابوالوفا
260 _a[S.N] :
_bمنشاة المعارف الاسلامية ،
_c1991
300 _a104 ص
490 _aالكتب القانونية
_v0
650 0 4 _aالقانون
650 0 4 _aقانون المرافعات
942 _2ddc
_cBK
999 _c54068
_d54068